Szczegóły MARC21

Domowniczek : ja i moja szkoła : kształcenie zintegrowane : klasa 1. Cz. 1 /

003 -Nazwa inst., której nr kontr. jest w polu 001 [,]
    • @
    • Nazwa instytucji, której n kontrolny jest w polu 001
    • NUKAT
005 -DATA I CZAS OSTATNIEJ MODYFIKACJI [,]
    • @
    • pole kontrolne
    • 20241231101508.0
020 -Międzynarod. znormalizowany nr książki - ISBN [ , ]
    • a
    • Numer ISBN
    • 8373155309 Find
040 -Instytucja sporządzająca opis [ , ]
    • a
    • Instytucja, która sporządziła opis (NP)
    • KR U/BG
    • c
    • Instytucja, która sporządziła rekord (NP)
    • KR U/BG
    • d
    • Instytucja, która zmodyfikowała rekord (P)
    • KR U/MZ
    • d
    • Instytucja, która zmodyfikowała rekord (P)
    • KR U/AChs
942 -Rodzaj dokumentu [ , ]
    • c
    • Rodzaj dokumentu
    • Książka
100 -Hasło główne - nazwa osobowa [1, ]
    • a
    • Nazwa osobowa (NP)
    • Faliszewska, Jolanta.
    • 9
    • KHW
    • 42403
245 -Strefa tytułu i oznaczenia odpowiedzialności [1,0]
    • a
    • Tytuł
    • Domowniczek : Find
    • b
    • Ciąg dalszy tytułu (NP)
    • ja i moja szkoła : kształcenie zintegrowane : klasa 1. Find
    • n
    • Oznaczenie części (P)
    • Cz. 1 /
    • c
    • Pozostałe elementy strefy tytułu i oznaczenia odpowiedzialności (NP)
    • [aut. Jolanta Faliszewska, Ewa Misiorowska ; współpr. Czesław Cyrański ; rys. Marcin Piwowarski, Tomasz Ptak].
246 -Wariant tytułu [1,3]
    • a
    • Tytuł (NP)
    • Ja i moja szkoła
260 -Strefa adresu wydawniczego [ , ]
    • a
    • Miejsce wydania (P)
    • Kielce :
    • b
    • Nazwa wydawcy (P)
    • Mac Edukacja,
    • c
    • Data wydania (P)
    • cop. 2003.
300 -Strefa opisu fizycznego [ , ]
    • a
    • Określenie formy książki i/lub objętość (NP)
    • 32 s. :
    • b
    • Oznaczenie ilustracji (NP)
    • il. (gł. kolor.) ;
    • c
    • Format (NP)
    • 28 cm.
336 -Typ zawartości [ , ]
    • a
    • Termin opisujący typ zawartości
    • Tekst
    • b
    • Kod określający zawartość
    • txt
    • 2
    • Źródło (terminu i kodu)
    • rdacontent
337 -Typ mediów [ , ]
    • a
    • Tryb odtwarzania
    • Bez urządzenia pośredniczącego
    • b
    • Kod typu mediów
    • n
    • 2
    • Źródło (terminu i kodu)
    • rdamedia
338 -Typ/rodzaj nośnika [ , ]
    • a
    • Hasło opisujące typ nośnika
    • Wolumin
    • b
    • Kod typu nośnika
    • nc
    • 2
    • Źródło (terminu i kodu)
    • rdacarrier
500 -Uwaga ogólna [ , ]
    • a
    • Uwaga ogólna (NP)
    • Opis wg okł.
521 -Uwaga dot. przeznaczenia czytelniczego [8, ]
    • a
    • Uwaga dot. przeznaczenia czytelniczego
    • Zeszyt z zadaniami domowymi do cz. 1 podręcznika "Ja i moja szkoła" dla klasy I.
080 -Uniwersalna Klasyfikacja Dziesiętna [ , ]
    • 2
    • Identyfikator wydania tablic
    • UDC-P058
    • 9
    • UKD
    • 3898
    • a
    • Symbol klasyfikacji
    • 373.3.046-021.64
    • b
    • Dopowiedzenie
    • Nauczanie początkowe (I-III).
    • 4
    • UKD2
    • 14014
    • x
    • Poddział wspólny
    • (075.2)
    • c
    • Dopowiedzenie poddz. wspólnego
    • (Podręczniki dla szkół podstawowych. Elementarze).
650 -Hasło przedmiotowe [ ,7]
    • a
    • Hasło przedmiotowe
    • Nauczanie początkowe
    • v
    • Określnik formalny
    • zadania i ćwiczenia.
    • 2
    • Źródło terminu
    • kaba
    • 9
    • KHW
    • 364104
980 -Symbol UKD [ , ]
    • a
    • UKD
    • 373.3.046-021.64(075.2)
700 -Hasło dodatkowe - nazwa osobowa [1, ]
    • a
    • Nazwa osobowa (NP)
    • Misiorowska, Ewa. Find
    • 9
    • KHW
    • 42406
700 -Hasło dodatkowe - nazwa osobowa [1, ]
    • a
    • Nazwa osobowa (NP)
    • Cyrański, Czesław. Find
    • 9
    • KHW
    • 42405
700 -Hasło dodatkowe - nazwa osobowa [1, ]
    • a
    • Nazwa osobowa (NP)
    • Piwowarski, Marcin Find
    • d
    • Daty biograficzne (NP)
    • (1972- ).
    • e
    • Określenie rodzaju współpracy
    • Il.
    • 9
    • KHW
    • 42404
710 -Hasło dodatkowe - nazwa ciała zbiorowego [2, ]
    • a
    • Nazwa ciała zbiorowego lub nazwa geograficzna jako pierwszy element (NP)
    • MAC Edukacja.
    • 4
    • Kod relacji
    • pbl
    • 9
    • KHW
    • 78433
920 -ISBN [ , ]
    • a
    • ISBN
    • 83-7315-530-9 Find
Status udost. Lokalizacja Data inwentaryzacji Numer inwentarzowy
1BG2008-10-21Pd.19526